Algae : (Record no. 3870)

MARC details
000 -LEADER
fixed length control field 01170cam a2200313 a 4500
001 - CONTROL NUMBER
control field 632892
003 - CONTROL NUMBER IDENTIFIER
control field OSt
005 - DATE AND TIME OF LATEST TRANSACTION
control field 20250919020003.0
008 - FIXED-LENGTH DATA ELEMENTS--GENERAL INFORMATION
fixed length control field 930506s1995 enka b 001 0 eng
010 ## - LIBRARY OF CONGRESS CONTROL NUMBER
LC control number 93002078
020 ## - INTERNATIONAL STANDARD BOOK NUMBER
International Standard Book Number 0521304199 (hardback)
020 ## - INTERNATIONAL STANDARD BOOK NUMBER
International Standard Book Number 0521316871 (pbk.)
040 ## - CATALOGING SOURCE
Original cataloging agency DLC
Transcribing agency DLC
Modifying agency DLC
041 1# - LANGUAGE CODE
Language code of text/sound track or separate title eng
Language code of original ger
050 00 - LIBRARY OF CONGRESS CALL NUMBER
Classification number QK566
Item number .H6413 1995
082 00 - DEWEY DECIMAL CLASSIFICATION NUMBER
Classification number 589
Edition number 20
Item number HOE 1995
100 1# - MAIN ENTRY--PERSONAL NAME
Personal name Hoek, C. van den; Mann, D. G.; Jahns, Hans Martin.
9 (RLIN) 8486
245 10 - TITLE STATEMENT
Title Algae :
Remainder of title an introduction to phycology
260 ## - PUBLICATION, DISTRIBUTION, ETC. (IMPRINT)
Name of publisher, distributor, etc. Cambridge University Press,
Date of publication, distribution, etc. 1995.
300 ## - PHYSICAL DESCRIPTION
Extent xiv, 623 p. :
Other physical details ill. ;
Dimensions 26 cm.
504 ## - BIBLIOGRAPHY, ETC. NOTE
Bibliography, etc Includes bibliographical references (p. [532]-608) and indexes.
650 #0 - SUBJECT ADDED ENTRY--TOPICAL TERM
Topical term or geographic name as entry element Algology.
9 (RLIN) 8477
650 #0 - SUBJECT ADDED ENTRY--TOPICAL TERM
Topical term or geographic name as entry element Algae.
9 (RLIN) 8476
856 41 - ELECTRONIC LOCATION AND ACCESS
Materials specified Table of contents
Uniform Resource Identifier http://www.loc.gov/catdir/toc/cam032/93002078.html
856 42 - ELECTRONIC LOCATION AND ACCESS
Materials specified Publisher description
Uniform Resource Identifier http://www.loc.gov/catdir/description/cam025/93002078.html
906 ## - LOCAL DATA ELEMENT F, LDF (RLIN)
a 7
b cbc
c orignew
d 1
e ocip
f 19
g y-gencatlg
942 ## - ADDED ENTRY ELEMENTS (KOHA)
Source of classification or shelving scheme Dewey Decimal Classification
Koha item type Short Loan
Koha issues (borrowed), all copies 1
Holdings
Withdrawn status Lost status Source of classification or shelving scheme Damaged status Not for loan Home library Current library Date acquired Source of acquisition Inventory number Total Checkouts Full call number Barcode Date last seen Koha item type Date last checked out
    Dewey Decimal Classification     MUST Main Library MUST Main Library 05/05/2016 Purchase 01/15806   589 HOE 1995 2016-1572 05/05/2016 Short Loan  
    Dewey Decimal Classification     MUST Main Library MUST Main Library 16/05/2016 Purchase 01/15807   589 HOE 1995 2016-1939 16/05/2016 Short Loan  
    Dewey Decimal Classification     MUST Main Library MUST Main Library 15/09/2016 Purchase 05/23792 6 589 HOE 1995 2016-4229 26/09/2025 Open Shelf 18/09/2025